| 000 | 00826nam a22002177a 4500 | ||
|---|---|---|---|
| 001 | 38302 | ||
| 003 | BD-RjUL | ||
| 005 | 20211209052752.0 | ||
| 008 | 151102s1982 bg ||||| |||| 00| 0 ben d | ||
| 035 | _a(BD-RjUL)38407 | ||
| 040 |
_aBD-RjUL _bben _cBD-RjUL |
||
| 041 | _aben | ||
| 082 |
_221 _a954.0294 _bHOP 1982 |
||
| 100 |
_aহক, মেসবাহুল _9118399 |
||
| 245 |
_aপলাশী যুদ্ধোত্তর মুসলিম সমাজ ও নীল বিদ্রোহ / _cমেসবাহুল হক |
||
| 260 |
_aঢাকা : _bইসলামিক ফাউন্ডেশন, _c১৯৮২ |
||
| 300 |
_a৩৮৮ পৃ. ; _c২১ সেমি. |
||
| 650 |
_aPlassey, Battle of, Palāshi, India, 1757. _9118400 |
||
| 651 |
_aIndia _xHistory _y1526-1765. _9118365 |
||
| 942 |
_2ddc _cBK |
||
| 999 |
_c38302 _d38302 |
||